<?xml version='1.0' encoding='UTF-8'?>
  <record xmlns="http://www.loc.gov/MARC21/slim">
    <leader>00000cem a2200000 i 4500</leader>
    <controlfield tag="001">ocm71545650</controlfield>
    <controlfield tag="003">OCoLC</controlfield>
    <controlfield tag="005">20251111195711.6</controlfield>
    <controlfield tag="007">aj aauun</controlfield>
    <controlfield tag="008">000419s1761    ne        u     0   dut d</controlfield>
    <datafield tag="040" ind1=" " ind2=" ">
      <subfield code="a">NLGGC</subfield>
      <subfield code="b">dut</subfield>
      <subfield code="e">fobidrtb</subfield>
      <subfield code="c">NLGGC</subfield>
      <subfield code="d">QGJ</subfield>
      <subfield code="d">OCLCO</subfield>
      <subfield code="d">OCLCL</subfield>
      <subfield code="d">OCLCQ</subfield>
    </datafield>
    <datafield tag="029" ind1="0" ind2=" ">
      <subfield code="a">NLGGC</subfield>
      <subfield code="b">192206079</subfield>
    </datafield>
    <datafield tag="034" ind1="1" ind2=" ">
      <subfield code="a">a</subfield>
      <subfield code="b">6000</subfield>
    </datafield>
    <datafield tag="035" ind1=" " ind2=" ">
      <subfield code="a">(OCoLC)71545650</subfield>
    </datafield>
    <datafield tag="045" ind1="0" ind2=" ">
      <subfield code="b">d1761</subfield>
    </datafield>
    <datafield tag="084" ind1=" " ind2=" ">
      <subfield code="a">74.20</subfield>
      <subfield code="2">bcl</subfield>
    </datafield>
    <datafield tag="245" ind1="0" ind2="0">
      <subfield code="a">[Kaart van de rivier de Merwede bij Dordrecht wegens de verzanding van de rivier ter hoogte van Dordrecht en Papendrecht] /</subfield>
      <subfield code="c">[Melchior Bolstra].</subfield>
    </datafield>
    <datafield tag="246" ind1="3" ind2=" ">
      <subfield code="a">Kaart van de Beneden-Merwede van Papendrecht tot Dordrecht</subfield>
    </datafield>
    <datafield tag="255" ind1=" " ind2=" ">
      <subfield code="a">Schaal [ca. 1:6.000].</subfield>
    </datafield>
    <datafield tag="260" ind1=" " ind2=" ">
      <subfield code="a">[Den Haag: Landsdrukkerij],</subfield>
      <subfield code="c">[1761]</subfield>
    </datafield>
    <datafield tag="300" ind1=" " ind2=" ">
      <subfield code="a">1 kaart. :</subfield>
      <subfield code="b">kopergrav. ;</subfield>
      <subfield code="c">27 x 54,5 cm.</subfield>
    </datafield>
    <datafield tag="336" ind1=" " ind2=" ">
      <subfield code="a">cartografische afbeelding</subfield>
      <subfield code="b">cri</subfield>
      <subfield code="2">rdacontent/dut</subfield>
    </datafield>
    <datafield tag="337" ind1=" " ind2=" ">
      <subfield code="a">zonder medium</subfield>
      <subfield code="b">n</subfield>
      <subfield code="2">rdamedia/dut</subfield>
    </datafield>
    <datafield tag="338" ind1=" " ind2=" ">
      <subfield code="a">vel</subfield>
      <subfield code="b">nb</subfield>
      <subfield code="2">rdacarrier/dut</subfield>
    </datafield>
    <datafield tag="500" ind1=" " ind2=" ">
      <subfield code="a">Linksboven: Resol.e 3 April 1761, No. 2.</subfield>
    </datafield>
    <datafield tag="500" ind1=" " ind2=" ">
      <subfield code="a">Rechtsonder: De dieptens die op deeze kaart staan uitgedrukt ...</subfield>
    </datafield>
    <datafield tag="507" ind1=" " ind2=" ">
      <subfield code="a">Met schaalstok.</subfield>
    </datafield>
    <datafield tag="510" ind1="0" ind2=" ">
      <subfield code="a">P. van den Brink, 'In een opslag van het oog',</subfield>
      <subfield code="c">p. 181, nr. 88; [Hingman], Inventaris der verzameling kaarten berustende in het Rijks-archief, dl. 2 (1871), p. 102, nr. 871</subfield>
    </datafield>
    <datafield tag="651" ind1=" " ind2="7">
      <subfield code="a">Merwede.</subfield>
      <subfield code="2">gtt</subfield>
      <subfield code="0">(NL-LeOCL)095953698</subfield>
    </datafield>
    <datafield tag="700" ind1="1" ind2=" ">
      <subfield code="a">Bolstra, Melchior,</subfield>
      <subfield code="d">1704-1779.</subfield>
      <subfield code="1">https://id.oclc.org/worldcat/entity/E39PCjH4Bfj7fqc39Jk9dCWTwP</subfield>
    </datafield>
    <datafield tag="856" ind1="4" ind2="1">
      <subfield code="u">http://objects.library.uu.nl/reader/resolver.php?obj=002251518&amp;type=2</subfield>
      <subfield code="x">Online</subfield>
      <subfield code="z">Full text</subfield>
    </datafield>
    <datafield tag="936" ind1=" " ind2=" ">
      <subfield code="a">BATCHLOAD</subfield>
    </datafield>
  </record>